Government of cities in the United States /

Bibliographic Details
Main Author: Zink, Harold, 1901-1962
Format: Book
Language:English
Published: New York : The Macmillan company, 1939.
Subjects:

MARC

Tag First Indicator Second Indicator Subfields
LEADER 00000cam a2200000 4500
001 in00000062143
005 20151008051653.0
008 721128s1939 nyu b 00000 eng u
010 |a  39022562  
035 |a (OCoLC)00502654 
035 |9 AAG9310AM 
040 |c WSU  |d TXA  |d UtOrBLW 
049 |a TXAM  |c [105399] 
050 0 |a JS331  |b .Z5 
092 |a 352  |b Z78g 
100 1 |a Zink, Harold,  |d 1901-1962. 
245 1 0 |a Government of cities in the United States /  |c by Harold Zink. 
264 1 |a New York :  |b The Macmillan company,  |c 1939. 
300 |a 636 pages 
336 |a text  |b txt  |2 rdacontent 
337 |a unmediated  |b n  |2 rdamedia 
338 |a volume  |b nc  |2 rdacarrier 
504 |a "Selected bibliography" at end of each of the chapters and the appendix. 
650 0 |a Municipal government  |z United States. 
650 0 |a Cities and towns  |z United States. 
999 |a MARS 
999 f f |s a599b21e-4c21-3140-b875-67c9d2d5e4c9  |i c3b8877f-bbb8-30a8-b8e6-5bec719b1e4d  |t 0 
952 f f |p ric  |a Texas A&M University  |b Rellis Campus  |c Joint Library Facility  |d Remote Storage  |t 0  |e JS331 .Z5  |h Library of Congress classification  |i unmediated -- volume  |m A14800796200 
998 f f |a JS331 .Z5  |t 0  |l Remote Storage